Simulácia delenia zmesi alkán-aromát pomocou iónovej kvapaliny

Saved in:
Bibliographic Details
Main Author: Kopinský, Marek (Author)
Other Authors: Steltenpohl, Pavol (Thesis advisor)
Format: Manuscript Book
Language:Slovak
Published: 2025
Subjects:
Online Access:http://is.stuba.sk/zp/portal_zp.pl?podrobnosti=176104
Tags: Add Tag
No Tags, Be the first to tag this record!

MARC

LEADER 00000ntm a22000003a 4500
001 stuzp104969
003 SK-STU
005 20250628212204.1
007 ta
008 150427s2015----xo-----f-mn---000-0-slo-d
040 |a STU  |b slo 
041 0 |a slo 
100 1 |a Kopinský, Marek  |u 046230  |4 aut  |U FCHPT Ústav chemického a environmentálneho inžinierstva  |T FCHPT Oddelenie chemického a biochemického inžinierstva  |X 121421  |U C6230  |Y 119  |7 121421 
242 0 1 |a Simulation of alkane-aromatics mixture separation using ionic liquid  |y eng 
245 1 0 |a Simulácia delenia zmesi alkán-aromát pomocou iónovej kvapaliny 
260 |c 2025 
650 4 |a kvapalinová extrakcia  |2 slo 
650 4 |a iónová kvapalina  |2 slo 
650 4 |a fázová rovnováha  |2 slo 
650 4 |a liquid extraction  |2 eng 
650 4 |a ionic liquid  |2 eng 
650 4 |a phase equilibrium  |2 eng 
700 1 |a Steltenpohl, Pavol  |u 046230  |k Z1  |4 ths  |U FCHPT Ústav chemického a environmentálneho inžinierstva  |T FCHPT Oddelenie chemického a biochemického inžinierstva  |X 3929  |U C6230  |Y 119  |7 A000003929 
856 4 |u http://is.stuba.sk/zp/portal_zp.pl?podrobnosti=176104